La celebración de la eucaristía: según el misal de Pablo VI
Gespeichert in:
| Körperschaften: | , |
|---|---|
| Format: | Buch |
| Sprache: | Spanisch |
| Veröffentlicht: |
Bogotá
CELAM
1989
|
| Ausgabe: | 4a. ed |
| Schlagworte: | |
| Tags: |
Tag hinzufügen
Keine Tags, Fügen Sie den ersten Tag hinzu!
|
MARC
| LEADER | 00000cam a2200000 a 4500 | ||
|---|---|---|---|
| 001 | UCI1698 | ||
| 003 | CL-VaPUC | ||
| 008 | 070713e19890000CK |||||||||||||||||spa|d | ||
| 082 | 0 | 4 | |a 262.3 |b CON |2 21 |
| 110 | 2 | |a Consejo Episcopal Latinoamericano |e author |9 522346 | |
| 710 | 2 | |a CELAM |e author |9 522347 | |
| 245 | 1 | 3 | |a La celebración de la eucaristía: según el misal de Pablo VI |
| 250 | |a 4a. ed | ||
| 300 | |a 104 p | ||
| 942 | |c BK | ||
| 945 | |d 20070713 00:00:00 |a jtorresc | ||
| 260 | |a Bogotá |b CELAM |c 1989 | ||
| 650 | 0 | |a Eucaristía |9 257336 | |
| 650 | 0 | |a Misa |9 329325 | |
| 650 | 7 | |a CULTOS |2 CL-VaPUC |9 522348 | |
| 650 | 0 | |a Iglesia Católica |9 256114 | |
| 583 | |a last modification |c 20151217 11:26:40 |k Rodrigo Vera | ||
| 999 | |c 326455 |d 326453 | ||
| 952 | |0 0 |1 0 |4 0 |6 262_300000000000000_CON_1989 |7 0 |8 A |9 408345 |a BIBTEO |b BIBTEO |d 2019-11-22 |i 4243943 |o 262.3 CON 1989 |p 4243943 |r 2025-01-17 |w 2019-11-22 |y BK |k ICR | ||
| 952 | |0 0 |1 0 |3 erb |4 0 |6 262_300000000000000_CON_1989 |7 0 |8 A |9 408346 |a BIBTEO |b BIBTEO |i 5274095 |o 262.3 CON 1989 |p 5274095 |r 2025-01-17 |w 2019-11-22 |y BK |z Catalogado en:20151218 |k ICR | ||
| 952 | |0 0 |1 0 |3 erb |4 0 |6 262_300000000000000_CON_1989 |7 0 |8 A |9 408347 |a BIBTEO |b BIBTEO |i 5368332 |o 262.3 CON 1989 |p 5368332 |r 2025-01-17 |w 2019-11-22 |y BK |z Catalogado en:20170326 |k ICR | ||